Štrukturálne fondy pre Slovensko (1. časť)

Bibliographic Details
Main Author: Klč, Ján (Author)
Format: Article
Language:Slovak
ISSN:1335-4701
Subjects:

MARC

LEADER 00000nab a2200000 a 4500
001 vtls008153661
003 SK-MaSNL
005 20260426072038.0
008 140301c20050406xo dr|n|||||||000 b|slo
015 |a SNBRB2005/05  |2 snkbucl 
038 |a SNKBUCL 
040 |a SNKBUCL  |b slo  |c SNKBUCL  |e AACR2 
041 0 |a slo 
044 |a xo  |c SK 
080 |a 339.96  |x (4:437.6)  |2 1997 
100 1 |a Klč, Ján  |4 aut  |9 360051 
245 1 0 |a Štrukturálne fondy pre Slovensko  |n (1. časť)  |c Ján Klč 
500 |a Dokončenie v č. 70/2005 
610 7 |a Európska únia  |2 snkbucl  |9 29861 
651 7 |a Slovensko  |2 snkbucl  |9 14231 
773 0 |t Hospodárske noviny  |g Roč. XIII., č. 65 (6.4.2005)  |x 1335-4701 
773 0 8 |t Európa  |g S. 24 
852 |a SNK  |b KIS3GCP 
999 |c 2684613  |d 2686543